2500 câu Anh-Hàn-Việt thông dụng : 일반적인 영한-베트남어 문장 2500 개 Tập 2 /

সংরক্ষণ করুন:
গ্রন্থ-পঞ্জীর বিবরন
প্রধান লেখক: Minh Phương
অন্যান্য লেখক: Bảo Yến
বিন্যাস: গ্রন্থ
ভাষা:Vietnamese
Korean
English
প্রকাশিত: Tp.HCM : Thống kê, 2005.
বিষয়গুলি:
ট্যাগগুলো: ট্যাগ যুক্ত করুন
কোনো ট্যাগ নেই, প্রথমজন হিসাবে ট্যাগ করুন!
Thư viện lưu trữ: Mạng thư viện Đại học Đà Nẵng
LEADER 01172nam a22003251a 4500
001 000036379
003 12674
005 20210412080458.0
008 160408s2005 000
020 |c 39000 
040 |a lnn  |c lnn  |d lnn 
041 0 |a vie  |a kor  |a eng 
082 1 4 |a 495.78  |b MI-P 
100 1 |a Minh Phương 
245 1 0 |a 2500 câu Anh-Hàn-Việt thông dụng :  |b 일반적인 영한-베트남어 문장 2500 개  |n Tập 2 /  |c Minh Phương; Bảo Yến. 
246 3 0 |a 2500 câu Anh-Hàn-Việt thông dụng 
260 |a Tp.HCM :  |b Thống kê,  |c 2005. 
300 |a 333 tr. ;  |c 20,5cm. 
630 0 4 |a Tiếng Hàn. 
650 0 4 |a Hàn ngữ  |x Giao tiếp. 
700 1 |a Bảo Yến 
OWN |a LNN 
902 |a TKH 
AVA |a UDN50  |b LNN  |c Japanese-Korean-Thailander  |d 495.78 MI-P  |e available  |t Error 5001 Not defined in file expand_doc_bib_avail.  |f 5  |g 0  |h N  |i 4  |j HN 
999 |a From the UDN01 
AVA |a UDN50  |b LNN  |c Japanese-Korean-Thailander  |d 495.78 MI-P  |e available  |t Error 5001 Not defined in file expand_doc_bib_avail.  |f 5  |g 0  |h N  |i 4  |j HN 
TYP |a Monograph 
980 |a Mạng thư viện Đại học Đà Nẵng